Kisah silat sejarah Terengganu Darul Naim : matinya si pembelot

Bibliographic Details
Main Author: Uzala, WS
Format: Book
Published: P.J : Pustaka Angsana , 1995
Series:Siri silat sejarah silam
Subjects:

MARC

LEADER 00000cam a2200000 7i4500
001 0000006772
002 000007297
005 20000330.0
020 |a 9830210405 
090 0 0 |a JF   |b UZA 
100 1 |a Uzala, WS 
245 1 0 |a Kisah silat sejarah Terengganu Darul Naim :   |b matinya si pembelot   |c Ws Uzala 
260 |a P.J :   |b Pustaka Angsana ,   |c 1995 
300 |a 60p. :   |b ill ;   |c 19cm. 
490 0 |a Siri silat sejarah silam 
650 0 0 |a Historical fiction 
999 |a 038865   |b BUKU   |c PINJAMAN   |e PERPUSTAKAAN KOMUNITI PETALING JAYA